[Event "4NCL Division One"]
[Site "Milton Keynes, ENG"]
[Date "2023.11.12"]
[Round "2.46"]
[White "Shafi, Declan"]
[Black "Durak, Can"]
[Result "0-1"]
[WhiteElo "2194"]
[BlackElo "2310"]
[PlyCount "102"]
[EventDate "2023.11.12"]
[WhiteTeam "Alba"]
[BlackTeam "Wood Green Youth"]

1. Nf3 d5 2. g3 Bg4 3. Bg2 Nd7 4. d4 c6 5. O-O Ngf6 6. c4 e6 7. b3 a5 8. Nc3
Bd6 9. Bb2 O-O 10. Re1 Re8 11. Rc1 dxc4 12. bxc4 e5 13. c5 Bc7 14. Nxe5 Nxe5
15. dxe5 Bxe5 16. Qc2 Qe7 17. Na4 Rad8 18. Rb1 Bc8 19. Nb6 Bg4 20. e4 Bxb2 21.
Rxb2 Nd5 22. Nxd5 Rxd5 23. Rc1 Rd4 24. f3 Bc8 25. Qc3 Qd8 26. Bf1 Re7 27. Bc4
Red7 28. Rcc2 h5 29. Qe3 Qe7 30. Be2 h4 31. Rb3 Qd8 32. Rcc3 Rd2 33. Ra3 Rxe2
34. Qxe2 Rd1+ 35. Kf2 Rd2 36. Rd3 Rxe2+ 37. Kxe2 Qc7 38. Kf2 hxg3+ 39. hxg3 b6
40. Rac3 Be6 41. Rd2 bxc5 42. Rxc5 Qa7 43. Rdc2 Bxa2 44. Kg2 Bb3 45. R2c3 Ba4
46. e5 Bb5 47. f4 a4 48. Rc1 Qd7 49. R1c2 Qd4 50. R5c3 a3 51. Kh2 a2 0-1